| 000 | 00412nam a2200169Ia 4500 | ||
|---|---|---|---|
| 001 | 4981 | ||
| 003 | IN-NITTTR | ||
| 005 | 20251114233005.0 | ||
| 008 | 251113s9999||||xx |||||||||||||| ||eng|| | ||
| 040 | _beng | ||
| 040 | _cIN-NITTTR | ||
| 041 | _aeng | ||
| 082 | _a520.123 H365P | ||
| 100 | _aHeisenberg, Werner | ||
| 245 | 0 |
_aPractical principles of the quantum theory. / _cHeisenberg, Werner |
|
| 942 |
_2ddc _cBK |
||
| 999 |
_c7617 _d7617 |
||